Statistics for Largest Cities In Florida

Click here to take the quiz!

General Stats

  • This quiz has been taken 69 times
  • The average score is 13 of 22

Answer Stats

Pop.City% Correct
892,062Jacksonville
100%
463,347Miami
100%
280,257Orlando
100%
385,430Tampa
100%
191,049Tallahassee
96%
263,255St. Petersburg
83%
180,072Fort Lauderdale
77%
239,673Hialeah
69%
132,249Gainesville
58%
115,513Clearwater
56%
110,222West Palm Beach
56%
183,365Cape Coral
54%
153,627Hollywood
54%
189,344Port St. Lucie
54%
108,054Lakeland
46%
170,712Pembroke Pines
44%
113,750Miami Gardens
42%
140,328Miramar
37%
111,657Palm Bay
37%
133,037Coral Springs
35%
110,473Pompano Beach
25%
105,149Davie
23%

Score Distribution

Percentile by Number Answered

Percent of People with Each Score

Your Score History

You have not taken this quiz